| 000 | 00633nam a2200229Ia 4500 | ||
|---|---|---|---|
| 003 | OSt | ||
| 005 | 20220925205337.0 | ||
| 006 | a|||||r|||| 00| 0 | ||
| 007 | ta | ||
| 008 | 220923b |||||||| |||| 00| 0 eng d | ||
| 037 | _cGeneral Book | ||
| 040 |
_aRTL _cRTL _beng |
||
| 041 |
_2eng _aeng |
||
| 082 | _aX72.424.P03-P04t5, P03.1 | ||
| 110 | _aHARYANA ( Govt. of-) | ||
| 245 | 0 | _aBudget 2003-2004 | |
| 260 |
_aHaryana _bGovernment of Haryana _c2003 |
||
| 300 |
_aiv, 457p _ccm. |
||
| 700 | _aHARYANA ( Govt. of-) | ||
| 942 |
_hX72.424.P03-P04t5, P03.1 _cGB _2CC |
||
| 999 |
_c551873 _d551873 |
||